Регионална библиотека "Любен Каравелов" - Русе

Баскетбол (Запис номер 451007)

MARC детайли
000 -Лидер
Контролно поле с фиксирана дължина 01142nam a2200313 a 4500
003 - Код на организацията, давaща контролен номер
Контролно поле BLK
005 - Дата и час на последна редакция
Контролно поле 20241112163026.0
008 - Елементи от данни с фиксирана дължина
fixed length control field 220327b bul|||||r ||||||| ||bul||
010 ## - Наследен системен номер
LC control number KNG00165997RET
040 ## - Източник на каталожния запис
Идентификатор на билиотеката - собственик на записа BLK
041 ## - Код за език
Код за езика на текст/звукозапис или на отделно заглавие Български
Код за езика КДБФ Български
080 ## - УДК
Текстов определител УДК Баскетбол
УДК код - определител по УДК 796.323
УДК определител (035)
УДК - код + определител 796.323(035)
100 1# - Редна дума - Автор
Автор Панайотов, Петър
Авторска отговорност първи автор
R(LIN) 424828
139 ## - Редно поле
Редна дума Панайотов, Петър
245 10 - Сведения за заглавието
Заглавие Баскетбол
Подзаглавни данни Ръководство за обществения инструктор
Редно поле (дума) Петър Панайотов; съавт. Кирил Семов.
257 ## - Страна на издаване
Страна на създаване/издаване България
260 ## - Област на издателските данни
Място на издаване, разпространение и проч. София
Име на издателя, разпространителя и проч. Медицина и физкултура
Година на издаване 1963
Печатница Пловдив : Д. Благоев
300 ## - Физическа характеристика
Страници 84 с.
Илюстрации и др. с ил.
Размери/Мащаб 20 см
380 ## - Жанр
Жанр 793/799 Спорт
500 ## - Общи забележки
Забележка Изд. на БСФС, ЦС.
650 #4 - Допълнително описание по предмет – тема
Основно описание – тема или топоним Баскетбол
9 (RLIN) 148166
653 #7 - Ключова дума – ненормативна
Ключова дума ръководства
9 (RLIN) 195943
700 1# - Други автори (авторска отговорност)
Лично име Семов, Кирил
Автороска отговорност (Описва отношението между автора и произведението) съавт.
9 (RLIN) 119632
852 ## - Местоположение
Форматна сигнатура Цб 28482
Фондова буква Хранилище
856 4# - Електронен адрес и достъп
Електронен формат pdf - файл
Път до файла /url/
856 4# - Електронен адрес и достъп
Електронен формат pdf - файл
Път до файла /url/
999 ## - СИСТЕМНИ КОНТРОЛНИ НОМЕРА
Koha biblionumber 451007
Koha biblioitemnumber 451007
942 ## - АРТИКУЛИ
Вид на библиотечния материал Книги
Скрит в OPAC Не
Източник на класификационната схема Universal Decimal Classification
Периодичен библиозапис Да
944 ## - СЪЗДАВАНЕ И РЕДАКЦИЯ на ЗАПИСА
Създаване/Редакция Редакция
Дата на регистрацията/редакция 2022-03-27
Служител, извършил регистрацията/редакцията 30560
Статус, дата на статуса Геновева Генчева
Наличности
Код за отписване Код за изгубен артикул Източник на класификационната схема Код за повреда Коз за рестрикции Код за отдаване Артикулен № Име на библиотеката - собственик Име на библиотеката, в която се намира в момента Статус (Текущо местоположение) Дата на вписване в системата Местоположение - отдел Цена в лева Инвентарен номер Систематично азбучна сигнатура Баркод Цена в евро Служебен тип на артикула
  Не е изгубен Universal Decimal Classification Не е повреден само за читалня ползва се в читалня 879284 Регионална библиотека "Любен Каравелов" Русе Регионална библиотека "Любен Каравелов" Русе Хранилище 2022-03-30 Хранилище 0.16 12082/63 Цб 28482 900000092368 0.08 Книги
Vip Innovations Ltd, Rousse, Bulgaria 2025